• 首页
  • 本馆介绍
  • 公告通知
  • 最新文献
  • 馆藏检索
  • 电子资源
  • 读者导购
  • 参考咨询
  • 我的图书馆
  • 登录
  • 详细信息显示
  • 放入我的书架
  • 预约/预借图书
  • 作者相关作品
  • 分类相关作品
  • 丛书相关作品
  • 出版社相关作品

书目信息

  • 表格格式
  • 工作单格式
  • 卡片格式
题名:
税法 I 经典题解
    
 
作者: ;中华会计网校 编
分册:  
出版信息: 北京   人民出版社  2013
页数: 208页
开本: 26cm
丛书名: 梦想成真系列辅导丛书
单 册:
中图分类: D922.220.4
科图分类:
主题词: 税法--中国--资格考试--题解 , 税法
电子资源:
ISBN: 978-7-01-011671-6
000 00913nam0 2200277 450
001 523
005 20140908081225.40
010    @a978-7-01-011671-6@dCNY42.00
100    @a20131113d2013 em y0chiy50 ea
101 0  @achi
102    @aCN@b110000
105    @ay z 000yy
106    @ar
200 1  @a税法 I 经典题解@AShui Fa I Jing Dian Ti Jie@f中华会计网校编@FZhong Hua Hui Ji Wang Xiao Bian
210    @a北京@c人民出版社@d2013
215    @a208页@d26cm
225 2  @a梦想成真系列辅导丛书
300    @a2013年全国注册税务师执业资格考试
330    @a本书分为三部分,内容包括考情分析及趋势预测、考点分析及经典习题训练、考前必做180题。
461  0 @12001 @a梦想成真系列辅导丛书
606 0  @a税法@y中国@x资格考试@j题解
606 0  @a税法
690    @aD922.220.4@v5
711 02 @a中华会计网校@AZhong Hua Hui Ji Wang Xiao@4编
801  0 @aCN@bTANGWEI@c20140603
905    @b0840503-05@dD922.220.4@e1087@f3
    
    税法 I 经典题解/中华会计网校编.-北京:人民出版社,2013
    208页;26cm.-(梦想成真系列辅导丛书)
    2013年全国注册税务师执业资格考试
    
    ISBN 978-7-01-011671-6:CNY42.00
    本书分为三部分,内容包括考情分析及趋势预测、考点分析及经典习题训练、考前必做180题。
●
相关链接 在E读中查询图书 在五车中查询图书 在当当中查询图书 在豆瓣中查询图书


正题名:税法 I 经典题解     索取号:D922.220.4/1087         预约/预借

序号 登录号 条形码 馆藏地/架位号 状态 备注
1 0840503   208405037   第一样本阅览室/ [索取号:D922.220.4/1087] 在馆    
2 0840504   208405046   密集书库-史法系/ [索取号:D922.220.4/1087] 在馆    
3 0840505   208405055   第一借阅区/ [索取号:D922.220.4/1087] 在馆    
唐山师范学院图书馆 欢迎您!
大连网信软件有限公司© 版权所有